Новое в стратиграфии, тектонике и четвертичной геологии Белоруссии: сборник научных трудов

Bibliografiske detaljer
Institution som forfatter: Белорусский научно-исследовательский геологоразведочный институт
Andre forfattere: Горелик З. А. (редактор)
Sprog:russisk
Udgivet: Минск, Изд-во БелНИГРИ, 1979
Fag:
Format: MixedMaterials Bog
KOHA link:https://koha.lib.tpu.ru/cgi-bin/koha/opac-detail.pl?biblionumber=370025

MARC

LEADER 00000nam0a2200000 4500
001 370025
005 20231102012236.0
035 |a (RuTPU)RU\TPU\retro\27433 
090 |a 370025 
100 |a 20220615d1979 k y0rusy50 ca 
101 0 |a rus 
102 |a BY 
105 |a a z 001zy 
200 1 |a Новое в стратиграфии, тектонике и четвертичной геологии Белоруссии  |e сборник научных трудов  |f Белорусский научно-исследовательский геологоразведочный институт ; отв. ред. З. А. Горелик 
210 |a Минск  |c Изд-во БелНИГРИ  |d 1979 
215 |a 168 с.  |c ил. 
320 |a Библиогр. в конце ст. 
606 1 |a Геология  |y Беларусь  |2 stltpush  |3 (RuTPU)RU\TPU\subj\72310  |9 85872 
610 1 |a стратиграфия 
610 1 |a тектоника 
610 1 |a четвертичная геология 
610 1 |a фанерозой 
610 1 |a расчленение 
610 1 |a схемы 
610 1 |a Прикарпатье 
675 |a 55(476)  |v 4 
702 1 |a Горелик  |b З. А.  |4 340 
712 0 2 |a Белорусский научно-исследовательский геологоразведочный институт  |2 stltpush  |3 (RuTPU)RU\TPU\col\7965  |9 24442 
801 1 |a RU  |b 63413507  |c 20220615 
942 |c BK